000 00367nam a22001337a 4500
082 _a346.04
100 _aMalik, M.A.
245 _aThe Land Acquisition Act, (I of 1894) /
_cM.A. Malik
260 _aLahore :
_bP.L.D. Publishers,
_c2019.
300 _a97 p. ;
_c24 cm.
942 _2ddc
_cBK
999 _c587158
_d587158